[Event "34. Open Internacional de Andorra 2016"]
[Site "Andorra AND"]
[Date "2016.08.07"]
[Round "5.6"]
[White "Merenciano, Alexandre"]
[Black "Prohaszka, Peter"]
[Result "0-1"]
[WhiteElo "2197"]
[BlackElo "2604"]
[PlyCount "84"]
[EventDate "2016.08.03"]
[EventType "swiss"]
[EventRounds "9"]
[EventCountry "AND"]
[SourceTitle "Ajedrez en Madrid"]
[Source "lmi"]
[SourceDate "2016.08.03"]
[SourceVersion "1"]
[SourceVersionDate "2018.03.01"]
[SourceQuality "1"]

1. e4 c6 2. d4 d5 3. e5 Bf5 4. Nf3 e6 5. Be2 Nd7 6. O-O Ne7 7. Nbd2 Nc8 8. Nb3
Be7 9. a4 O-O 10. a5 a6 11. Ne1 Na7 12. g4 Bg6 13. f4 f5 14. Ng2 fxg4 15. Bxg4
Bf5 16. Bxf5 exf5 17. Ne3 Qe8 18. Nd2 Nb5 19. Nf3 Rd8 20. Kh1 Qh5 21. Qd3 Kh8
22. b3 Nc7 23. Ng2 Ne6 24. c3 h6 25. b4 Rf7 26. Ng1 Rdf8 27. Rf3 Qg6 28. Rg3
Qh7 29. c4 Nc7 30. Nf3 Rd8 31. Ng5 Bxg5 32. fxg5 dxc4 33. Qxc4 Nxe5 34. Qb3
Rfd7 35. Bb2 Ng4 36. Kg1 hxg5 37. h3 Nf6 38. Rxg5 Ne4 39. Rg3 Nxg3 40. Qxg3 Nd5
41. Rf1 Rd6 42. Qg5 Rf8 0-1

[Event "34. Open Internacional de Andorra 2016"]
[Site "Andorra AND"]
[Date "2016.08.07"]
[Round "5.7"]
[White "Rudolf, Anna"]
[Black "Glud, Jakob Vang"]
[Result "0-1"]
[WhiteElo "2247"]
[BlackElo "2532"]
[PlyCount "88"]
[EventDate "2016.08.03"]
[EventType "swiss"]
[EventRounds "9"]
[EventCountry "AND"]
[SourceTitle "Ajedrez en Madrid"]
[Source "lmi"]
[SourceDate "2016.08.03"]
[SourceVersion "1"]
[SourceVersionDate "2018.03.01"]
[SourceQuality "1"]

1. e4 e5 2. Nf3 Nc6 3. Bb5 a6 4. Ba4 Nf6 5. d3 d6 6. O-O g6 7. Nc3 Bg7 8. Nd5
h6 9. Nb4 Bd7 10. Nxc6 Bxc6 11. Bxc6+ bxc6 12. Be3 O-O 13. h3 Re8 14. c3 Qb8
15. Qc2 Qb7 16. b4 a5 17. Rfb1 Qa6 18. Nd2 a4 19. c4 Rab8 20. Qb2 d5 21. f3 Nh5
22. b5 Qa8 23. cxd5 cxd5 24. Qc2 Nf4 25. Rb4 Qa5 26. Rab1 Ra8 27. b6 cxb6 28.
Rb5 Qc3 29. Rc1 Qxd3 30. Qxd3 Nxd3 31. Rd1 d4 32. Nc4 Nc5 33. Bc1 Nd7 34. Ba3
Rec8 35. Nxb6 Nxb6 36. Rxb6 Rc2 37. Rb2 Rxb2 38. Bxb2 Bf8 39. f4 Rb8 40. Bc1
Rb1 41. Rf1 Ra1 42. fxe5 Rxa2 43. Bf4 g5 44. Bg3 Rb2 0-1

[Event "34. Open Internacional de Andorra 2016"]
[Site "Andorra AND"]
[Date "2016.08.07"]
[Round "5.8"]
[White "Cantin, Loic"]
[Black "Riff, Jean-Noel"]
[Result "1/2-1/2"]
[WhiteElo "2146"]
[BlackElo "2483"]
[PlyCount "110"]
[EventDate "2016.08.03"]
[EventType "swiss"]
[EventRounds "9"]
[EventCountry "AND"]
[SourceTitle "Ajedrez en Madrid"]
[Source "lmi"]
[SourceDate "2016.08.03"]
[SourceVersion "1"]
[SourceVersionDate "2018.03.01"]
[SourceQuality "1"]

1. e4 c5 2. Nf3 e6 3. d4 cxd4 4. Nxd4 Nc6 5. Nc3 Qc7 6. Be3 Nf6 7. Qd2 Bb4 8.
f3 Nxd4 9. Qxd4 Bxc3+ 10. bxc3 e5 11. Qb4 d6 12. Bb5+ Bd7 13. Bxd7+ Nxd7 14.
Rd1 Rc8 15. Qxd6 Qxd6 16. Rxd6 Rxc3 17. Kd2 Ra3 18. Rd1 Nb8 19. Bc5 Rxa2 20.
Kc3 Nc6 21. Rd7 Ra5 22. Bb4 Rb5 23. Rc7 Rxb4 24. Rc8+ Ke7 25. Rxh8 b5 26. Rxh7
Rc4+ 27. Kb2 a5 28. Rxg7 b4 29. Rg8 Nd4 30. Rd2 a4 31. Ra8 a3+ 32. Kb1 Kf6 33.
h4 Kg6 34. Rg8+ Kh7 35. Rb8 f6 36. Rb6 Kg6 37. h5+ Kxh5 38. Rxf6 Kg5 39. Rf8
Kg6 40. Re8 Kf6 41. g3 Nb5 42. Rb8 Nd4 43. f4 Ke6 44. Rb6+ Kd7 45. Rb5 Kc7 46.
Rxe5 Nc6 47. Re6 Rc3 48. Rd3 Rxd3 49. cxd3 b3 50. f5 Nb4 51. f6 a2+ 52. Kb2
Nxd3+ 53. Ka1 Nb4 54. Kb2 Nd3+ 55. Ka1 Nb4 1/2-1/2

[Event "34. Open Internacional de Andorra 2016"]
[Site "Andorra AND"]
[Date "2016.08.07"]
[Round "5.9"]
[White "Bekker-Jensen, Simon"]
[Black "Nieves Cabanes, Jose Manuel"]
[Result "1-0"]
[WhiteElo "2456"]
[BlackElo "2227"]
[PlyCount "103"]
[EventDate "2016.08.03"]
[EventType "swiss"]
[EventRounds "9"]
[EventCountry "AND"]
[SourceTitle "Ajedrez en Madrid"]
[Source "lmi"]
[SourceDate "2016.08.03"]
[SourceVersion "1"]
[SourceVersionDate "2018.03.01"]
[SourceQuality "1"]

1. c4 Nf6 2. g3 e5 3. Bg2 h6 4. a3 Bc5 5. b4 Bd4 6. Ra2 d6 7. e3 Bb6 8. Nc3 c6
9. d4 Be6 10. d5 cxd5 11. cxd5 Bg4 12. Nge2 O-O 13. h3 Bf5 14. g4 Bd7 15. Ng3
a5 16. b5 a4 17. O-O Ba5 18. Qxa4 Na6 19. Nge2 Nc5 20. Qc2 Qb6 21. Qb1 Bxc3 22.
Nxc3 Na4 23. Bd2 Nxc3 24. Bxc3 Qxb5 25. Rb2 Qa6 26. Bb4 Bb5 27. Rd1 Bc4 28. Qf5
Rfd8 29. f4 Nd7 30. g5 hxg5 31. fxg5 g6 32. Qe4 b5 33. Rf2 Qa4 34. Rdd2 Ra6 35.
h4 Nc5 36. Bxc5 dxc5 37. Qxe5 Qxa3 38. Qe7 Rf8 39. d6 Qa1+ 40. Bf1 Bxf1 41.
Rxf1 Qc3 42. Rdf2 Qc4 43. d7 Raa8 44. Rf4 Qd5 45. e4 Qd3 46. R4f3 Qc4 47. Kh1
b4 48. h5 b3 49. hxg6 b2 50. gxf7+ Rxf7 51. Rxf7 Qc3 52. Rf8+ 1-0

[Event "34. Open Internacional de Andorra 2016"]
[Site "Andorra AND"]
[Date "2016.08.07"]
[Round "5.10"]
[White "Barbot, Pierre"]
[Black "Martinez Lopez, Ivan"]
[Result "1-0"]
[WhiteElo "2444"]
[BlackElo "2246"]
[PlyCount "113"]
[EventDate "2016.08.03"]
[EventType "swiss"]
[EventRounds "9"]
[EventCountry "AND"]
[SourceTitle "Ajedrez en Madrid"]
[Source "lmi"]
[SourceDate "2016.08.03"]
[SourceVersion "1"]
[SourceVersionDate "2018.03.01"]
[SourceQuality "1"]

1. d4 d5 2. c4 e6 3. Nc3 Nf6 4. Nf3 Be7 5. Bg5 O-O 6. e3 h6 7. Bxf6 Bxf6 8. Qd2
Nd7 9. cxd5 Nb6 10. dxe6 Bxe6 11. Be2 Rc8 12. Ne4 Be7 13. Nc5 Bd5 14. e4 Bc6
15. Ne5 Qe8 16. b4 Rd8 17. Nxc6 Qxc6 18. d5 Qg6 19. O-O Nd7 20. Nxd7 Rxd7 21.
Bf3 Bd6 22. a3 f5 23. Rae1 fxe4 24. Bxe4 Qf6 25. g3 Re7 26. Bb1 Rfe8 27. Re6
Qf3 28. Qc2 Kf8 29. Re3 Qf6 30. Kg2 Rf7 31. Rfe1 Rxe3 32. Rxe3 Qg5 33. Qh7
Qxd5+ 34. Be4 Qd4 35. Qh8+ Ke7 36. Bg6+ Be5 37. Bxf7 Kxf7 38. Qh7 Bf6 39. Qe4
Qxe4+ 40. Rxe4 Be7 41. a4 a6 42. f4 b5 43. axb5 axb5 44. Kf3 Ke8 45. g4 Kd7 46.
Kg3 Kd6 47. h4 Bf6 48. g5 hxg5 49. fxg5 Bc3 50. Kf3 Kd5 51. h5 c5 52. bxc5 b4
53. c6 Kxc6 54. Ke3 Kd5 55. Kd3 Ba1 56. h6 gxh6 57. gxh6 1-0

[Event "34. Open Internacional de Andorra 2016"]
[Site "Andorra AND"]
[Date "2016.08.07"]
[Round "5.11"]
[White "Eizaguerri Floris, Maria"]
[Black "Antoli Royo, Joaquin Miguel"]
[Result "0-1"]
[WhiteElo "2111"]
[BlackElo "2432"]
[PlyCount "74"]
[EventDate "2016.08.03"]
[EventType "swiss"]
[EventRounds "9"]
[EventCountry "AND"]
[SourceTitle "Ajedrez en Madrid"]
[Source "lmi"]
[SourceDate "2016.08.03"]
[SourceVersion "1"]
[SourceVersionDate "2018.03.01"]
[SourceQuality "1"]

1. e4 e5 2. Nf3 Nc6 3. Bc4 Bc5 4. c3 Nf6 5. d3 O-O 6. Bb3 a6 7. Nbd2 Ba7 8. Nf1
d5 9. exd5 Nxd5 10. Ng3 f6 11. O-O Be6 12. Re1 Bf7 13. Nf5 Qd7 14. N3h4 Kh8 15.
Qf3 Rad8 16. Ng3 Nce7 17. Bd2 c6 18. Rad1 Be6 19. Qe4 Bg4 20. Rc1 Bb8 21. d4 f5
22. Qc2 f4 23. Ne4 Qe8 24. Ng5 Qh5 25. Nhf3 Ng6 26. dxe5 h6 27. Bxd5 cxd5 28.
e6 hxg5 29. e7 Bxf3 30. gxf3 Nh4 31. exf8=Q+ Rxf8 32. Re7 Qxf3 33. Kf1 Ba7 34.
Be1 Nf5 35. Re5 Ne3+ 36. Rxe3 fxe3 37. Qd1 e2+ 0-1

[Event "34. Open Internacional de Andorra 2016"]
[Site "Andorra AND"]
[Date "2016.08.07"]
[Round "5.12"]
[White "Jerez Perez, Alfonso"]
[Black "Marzano, Carlo"]
[Result "1-0"]
[WhiteElo "2386"]
[BlackElo "2199"]
[PlyCount "73"]
[EventDate "2016.08.03"]
[EventType "swiss"]
[EventRounds "9"]
[EventCountry "AND"]
[SourceTitle "Ajedrez en Madrid"]
[Source "lmi"]
[SourceDate "2016.08.03"]
[SourceVersion "1"]
[SourceVersionDate "2018.03.01"]
[SourceQuality "1"]

1. e4 d6 2. d4 Nf6 3. Nc3 e5 4. Nf3 Nbd7 5. Bc4 Be7 6. a4 O-O 7. O-O c6 8. Qe2
exd4 9. Nxd4 Re8 10. Ba2 Bf8 11. Qf3 Ne5 12. Qg3 Nh5 13. Qg5 Nf6 14. Nf5 Bxf5
15. Qxf5 Qb6 16. Bb3 Ned7 17. Be3 Nc5 18. Bd4 Qb4 19. Bxf6 Nxb3 20. cxb3 gxf6
21. Rfe1 Re5 22. Qf4 d5 23. Re3 d4 24. Rg3+ Rg5 25. Ne2 Bg7 26. Rd3 c5 27. h4
Rg6 28. Ng3 Re8 29. Nf5 Qb6 30. Rc1 Re5 31. f3 a5 32. Kh1 Qc6 33. Qd2 b6 34.
Re1 Qb7 35. h5 Qc7 36. hxg6 hxg6 37. f4 1-0

[Event "34. Open Internacional de Andorra 2016"]
[Site "Andorra AND"]
[Date "2016.08.07"]
[Round "5.13"]
[White "Monpeurt, Cyrielle"]
[Black "Trepat Herranz, Joan"]
[Result "0-1"]
[WhiteElo "2136"]
[BlackElo "2360"]
[PlyCount "104"]
[EventDate "2016.08.03"]
[EventType "swiss"]
[EventRounds "9"]
[EventCountry "AND"]
[SourceTitle "Ajedrez en Madrid"]
[Source "lmi"]
[SourceDate "2016.08.03"]
[SourceVersion "1"]
[SourceVersionDate "2018.03.01"]
[SourceQuality "1"]

1. e4 e5 2. Nf3 Nc6 3. Bc4 Nf6 4. d4 exd4 5. Ng5 d5 6. exd5 Qe7+ 7. Kf1 Ne5 8.
Qxd4 Nxc4 9. Qxc4 h6 10. Nf3 Qc5 11. Qxc5 Bxc5 12. Nc3 Bf5 13. Bf4 O-O-O 14.
Rd1 Bxc2 15. Rd2 Bf5 16. Ne5 Rhf8 17. Nc4 Bb4 18. d6 Be6 19. Na3 Bxc3 20. bxc3
Ne4 21. Rd3 Nxd6 22. Bxd6 Rxd6 23. Rxd6 cxd6 24. Ke1 Bxa2 25. Nb5 Kd7 26. Kd2
a6 27. Nd4 Bd5 28. f3 Re8 29. Kd3 Be6 30. Rb1 b5 31. Ra1 Bc4+ 32. Kd2 Ra8 33.
Nf5 a5 34. Re1 Be6 35. Nd4 b4 36. Rb1 Rb8 37. cxb4 Rxb4 38. Rxb4 axb4 39. Kc2
Kc7 40. Ne2 Kc6 41. Nf4 Bc4 42. Nh5 g6 43. Nf6 Kc5 44. Ne4+ Kd5 45. Nf6+ Ke6
46. Ng4 h5 47. Nf2 Ke5 48. g3 Kd4 49. Kd2 Bd5 50. Nd3 b3 51. f4 Ke4 52. Ne1 Bc4
0-1

[Event "34. Open Internacional de Andorra 2016"]
[Site "Andorra AND"]
[Date "2016.08.07"]
[Round "5.14"]
[White "Pein, Malcolm"]
[Black "Bilquez, Romain"]
[Result "1/2-1/2"]
[WhiteElo "2357"]
[BlackElo "2183"]
[PlyCount "82"]
[EventDate "2016.08.03"]
[EventType "swiss"]
[EventRounds "9"]
[EventCountry "AND"]
[SourceTitle "Ajedrez en Madrid"]
[Source "lmi"]
[SourceDate "2016.08.03"]
[SourceVersion "1"]
[SourceVersionDate "2018.03.01"]
[SourceQuality "1"]

1. Nf3 d5 2. c4 c6 3. e3 Nf6 4. b3 g6 5. Bb2 Bg7 6. Be2 O-O 7. O-O Nbd7 8. Qc2
Re8 9. Nc3 Nc5 10. d3 Bf5 11. Rfd1 dxc4 12. bxc4 e5 13. h3 Qa5 14. Nd2 Rad8 15.
Nb3 Qb4 16. Nxc5 Qxc5 17. a4 Qa5 18. Qb3 Nd7 19. Ba3 Nc5 20. Qc2 Bxd3 21. Bxd3
Nxd3 22. Rxd3 Rxd3 23. Qxd3 e4 24. Qd7 Rd8 25. Bb4 Rxd7 26. Bxa5 b6 27. Rb1
bxa5 28. Rb8+ Bf8 29. Nxe4 Rd1+ 30. Kh2 Rc1 31. Ng5 h6 32. Nh7 Kxh7 33. Rxf8
Kg7 34. Rc8 Rxc4 35. Kg3 Kf6 36. f4 Ke6 37. Kf3 Kd7 38. Rf8 Ke7 39. Rc8 Kd7 40.
Rf8 Ke6 41. Rc8 Kd7 1/2-1/2

[Event "34. Open Internacional de Andorra 2016"]
[Site "Andorra AND"]
[Date "2016.08.07"]
[Round "5.15"]
[White "Sowray, Peter J"]
[Black "Podvin, Francois-Xavier"]
[Result "1/2-1/2"]
[WhiteElo "2348"]
[BlackElo "2165"]
[PlyCount "59"]
[EventDate "2016.08.03"]
[EventType "swiss"]
[EventRounds "9"]
[EventCountry "AND"]
[SourceTitle "Ajedrez en Madrid"]
[Source "lmi"]
[SourceDate "2016.08.03"]
[SourceVersion "1"]
[SourceVersionDate "2018.03.01"]
[SourceQuality "1"]

1. e4 c5 2. Nf3 d6 3. c3 Nf6 4. Be2 Bd7 5. e5 dxe5 6. Nxe5 Nc6 7. Nxd7 Qxd7 8.
O-O e6 9. d3 Be7 10. Nd2 O-O 11. a4 Rfd8 12. Nc4 Nd5 13. Qb3 Rab8 14. g3 b6 15.
Rd1 a6 16. Qc2 b5 17. axb5 axb5 18. Ne3 b4 19. Nxd5 Qxd5 20. Bf4 Ra8 21. Bf1
Rxa1 22. Rxa1 Ne5 23. Bxe5 Qxe5 24. Ra5 Qe1 25. Qe2 Qc1 26. Ra7 bxc3 27. bxc3
Bf6 28. Qh5 g6 29. Qxc5 Qxc3 30. Qxc3 1/2-1/2

[Event "34. Open Internacional de Andorra 2016"]
[Site "Andorra AND"]
[Date "2016.08.07"]
[Round "5.16"]
[White "Llaneza Vega, Patricia"]
[Black "Berkovich, Mark A"]
[Result "0-1"]
[WhiteElo "2158"]
[BlackElo "2346"]
[PlyCount "66"]
[EventDate "2016.08.03"]
[EventType "swiss"]
[EventRounds "9"]
[EventCountry "AND"]
[SourceTitle "Ajedrez en Madrid"]
[Source "lmi"]
[SourceDate "2016.08.03"]
[SourceVersion "1"]
[SourceVersionDate "2018.03.01"]
[SourceQuality "1"]

1. e4 e5 2. Nf3 Nc6 3. Nc3 Nf6 4. d4 exd4 5. Nxd4 Bb4 6. Nxc6 bxc6 7. Bd3 O-O
8. O-O Re8 9. Qf3 h6 10. Bf4 d6 11. h3 Bb7 12. Rad1 Qe7 13. Rfe1 c5 14. Re3
Bxc3 15. bxc3 Bc6 16. Bxh6 gxh6 17. Qf4 Qe5 18. Qxh6 Nh5 19. Bc4 Re6 20. Bxe6
fxe6 21. f4 Qxf4 22. Qxe6+ Kh7 23. Rf3 Qxe4 24. Qf7+ Ng7 25. Rg3 Qe5 26. Qg6+
Kg8 27. Rdd3 Be4 28. Rde3 Bxg6 29. Rxe5 dxe5 30. Rxg6 Kf7 31. Ra6 Ne6 32. Kf2
Rb8 33. Rxa7 Rb2 0-1

[Event "34. Open Internacional de Andorra 2016"]
[Site "Andorra AND"]
[Date "2016.08.07"]
[Round "5.17"]
[White "Barbero Sendic, Alejandro"]
[Black "Veganzones Rojo, David"]
[Result "1-0"]
[WhiteElo "2336"]
[BlackElo "2120"]
[PlyCount "65"]
[EventDate "2016.08.03"]
[EventType "swiss"]
[EventRounds "9"]
[EventCountry "AND"]
[SourceTitle "Ajedrez en Madrid"]
[Source "lmi"]
[SourceDate "2016.08.03"]
[SourceVersion "1"]
[SourceVersionDate "2018.03.01"]
[SourceQuality "1"]

1. e4 e5 2. Nf3 Nc6 3. Bb5 a6 4. Ba4 Nf6 5. O-O Be7 6. d3 b5 7. Bb3 d6 8. a3
Na5 9. Ba2 c5 10. Nc3 Nc6 11. Bg5 Be6 12. Bxf6 Bxf6 13. Nd5 O-O 14. c3 h6 15.
a4 Bg5 16. Nxg5 hxg5 17. Ne3 Bxa2 18. Rxa2 b4 19. Ra1 Rb8 20. Qg4 Rb7 21. g3
Qf6 22. Kg2 bxc3 23. bxc3 Ne7 24. Rab1 Rfb8 25. Nd5 Nxd5 26. Rxb7 Rxb7 27. Qc8+
Kh7 28. Qxb7 Ne7 29. Qxa6 Ng6 30. Qc8 Ne7 31. Qh3+ Kg6 32. Qg4 Kh6 33. f4 1-0

[Event "34. Open Internacional de Andorra 2016"]
[Site "Andorra AND"]
[Date "2016.08.07"]
[Round "5.18"]
[White "Da Silva, Quentin"]
[Black "Adel Lahchaichi, Oussama"]
[Result "0-1"]
[WhiteElo "2110"]
[BlackElo "2334"]
[PlyCount "66"]
[EventDate "2016.08.03"]
[EventType "swiss"]
[EventRounds "9"]
[EventCountry "AND"]
[SourceTitle "Ajedrez en Madrid"]
[Source "lmi"]
[SourceDate "2016.08.03"]
[SourceVersion "1"]
[SourceVersionDate "2018.03.01"]
[SourceQuality "1"]

1. e4 c5 2. Nf3 Nc6 3. Nc3 Nf6 4. d4 cxd4 5. Nxd4 e5 6. Ndb5 d6 7. Nd5 Nxd5 8.
exd5 Ne7 9. c4 Nf5 10. Be2 Be7 11. O-O O-O 12. b4 a6 13. Nc3 a5 14. Ba3 Nd4 15.
Rb1 axb4 16. Bxb4 f5 17. f4 Nxe2+ 18. Qxe2 exf4 19. Rxf4 Bf6 20. Rff1 Bd4+ 21.
Kh1 Be5 22. Qf2 Qf6 23. Nb5 Qh6 24. g3 f4 25. Bc3 Bf5 26. Bxe5 fxg3 27. Qxg3
Bxb1 28. Rxb1 dxe5 29. Qxe5 Rae8 30. Qb2 Qh4 31. Rg1 g6 32. Nc7 Re1 33. Ne6
Qe4+ 0-1

[Event "34. Open Internacional de Andorra 2016"]
[Site "Andorra AND"]
[Date "2016.08.07"]
[Round "5.19"]
[White "Guerra Reig, Juan"]
[Black "Aubry, Yannis"]
[Result "0-1"]
[WhiteElo "2019"]
[BlackElo "2269"]
[PlyCount "106"]
[EventDate "2016.08.03"]
[EventType "swiss"]
[EventRounds "9"]
[EventCountry "AND"]
[SourceTitle "Ajedrez en Madrid"]
[Source "lmi"]
[SourceDate "2016.08.03"]
[SourceVersion "1"]
[SourceVersionDate "2018.03.01"]
[SourceQuality "1"]

1. c4 Nf6 2. Nc3 g6 3. d4 Bg7 4. e4 d6 5. f4 c5 6. Nf3 cxd4 7. Nxd4 Nc6 8. Be2
Nxe4 9. Nxc6 Nxc3 10. Nxd8 Nxd1 11. Kxd1 Kxd8 12. Bf3 Rb8 13. Be3 b6 14. Kc2
Bb7 15. Bxb7 Rxb7 16. Rad1 Kd7 17. b4 Rc8 18. Kb3 Rbc7 19. Rc1 Ke8 20. Rhd1 Kf8
21. g4 f5 22. gxf5 gxf5 23. Re1 Kf7 24. Rc2 e6 25. Rec1 Bh6 26. Rd1 d5 27. c5
bxc5 28. Rxc5 Bf8 29. Rxc7+ Rxc7 30. a4 a6 31. b5 axb5 32. axb5 Rc4 33. b6 Bd6
34. Ra1 e5 35. Ra7+ Ke6 36. Rxh7 exf4 37. Bg1 f3 38. b7 Rb4+ 39. Kc3 Rb1 40.
Ba7 Bb8 41. Bd4 Rc1+ 42. Kd2 Bf4+ 43. Be3 f2 44. b8=Q Bxb8 45. Rh6+ Ke5 46.
Bxf2 Ra1 47. Rh4 Ra2+ 48. Ke1 f4 49. Rh8 Bd6 50. h4 Ke4 51. Bb6 Bb4+ 52. Kd1
Kd3 53. Kc1 Bc3 0-1

[Event "34. Open Internacional de Andorra 2016"]
[Site "Andorra AND"]
[Date "2016.08.07"]
[Round "5.20"]
[White "Cimer, Emanuel"]
[Black "Schmit, Vincent"]
[Result "1-0"]
[WhiteElo "2230"]
[BlackElo "2074"]
[PlyCount "73"]
[EventDate "2016.08.03"]
[EventType "swiss"]
[EventRounds "9"]
[EventCountry "AND"]
[SourceTitle "Ajedrez en Madrid"]
[Source "lmi"]
[SourceDate "2016.08.03"]
[SourceVersion "1"]
[SourceVersionDate "2018.03.01"]
[SourceQuality "1"]

1. e4 e5 2. Nf3 Nc6 3. Bb5 Nge7 4. Nc3 g6 5. d4 exd4 6. Nd5 Bg7 7. Bg5 h6 8.
Bf6 Bxf6 9. Nxf6+ Kf8 10. Qd2 a6 11. Bc4 Ng8 12. Nxg8 Kxg8 13. O-O-O d6 14.
Nxd4 Nxd4 15. Qxd4 Qg5+ 16. Kb1 Be6 17. h4 Qe7 18. Bd3 h5 19. f4 Bd7 20. Qc3
Bc6 21. Rde1 Rd8 22. Bxa6 Ra8 23. Bc4 b5 24. Bb3 Bb7 25. Qd3 c5 26. Bd5 Bxd5
27. Qxd5 Qa7 28. Rh3 b4 29. f5 Kg7 30. fxg6 fxg6 31. Rf3 Rhe8 32. Ref1 Re7 33.
Qc4 Qb7 34. e5 dxe5 35. Qxc5 e4 36. Rf6 Qa7 37. Qg5 1-0

[Event "34. Open Internacional de Andorra 2016"]
[Site "Andorra AND"]
[Date "2016.08.07"]
[Round "5.21"]
[White "Nieves Cabanes, Javier"]
[Black "Cai, Chaoruo"]
[Result "0-1"]
[WhiteElo "2215"]
[BlackElo "1961"]
[PlyCount "64"]
[EventDate "2016.08.03"]
[EventType "swiss"]
[EventRounds "9"]
[EventCountry "AND"]
[SourceTitle "Ajedrez en Madrid"]
[Source "lmi"]
[SourceDate "2016.08.03"]
[SourceVersion "1"]
[SourceVersionDate "2018.03.01"]
[SourceQuality "1"]

1. d4 e6 2. c4 d5 3. Nc3 Nf6 4. cxd5 exd5 5. Bg5 Be7 6. e3 O-O 7. Bd3 Re8 8.
Qc2 Nbd7 9. Nf3 c6 10. O-O Nf8 11. h3 Ng6 12. Ne5 Ne4 13. Bf4 Nxf4 14. exf4 f5
15. f3 Ng3 16. Rfd1 Bh4 17. Rab1 Qb6 18. Qf2 g5 19. Qe3 Nh5 20. fxg5 Bg3 21.
Na4 Qb4 22. Nxc6 Qf8 23. Ne5 Bf4 24. Qf2 Qg7 25. h4 Bg3 26. Qe2 Bxh4 27. Bb5
Nf4 28. Qc2 Re7 29. g6 Bg3 30. gxh7+ Kh8 31. Qc5 Qxh7 32. Ng6+ Nxg6 0-1

[Event "34. Open Internacional de Andorra 2016"]
[Site "Andorra AND"]
[Date "2016.08.07"]
[Round "5.22"]
[White "Ben-Abed, Mehdi"]
[Black "Garrido Fernandez, Daniel"]
[Result "0-1"]
[WhiteElo "2088"]
[BlackElo "2204"]
[PlyCount "56"]
[EventDate "2016.08.03"]
[EventType "swiss"]
[EventRounds "9"]
[EventCountry "AND"]
[SourceTitle "Ajedrez en Madrid"]
[Source "lmi"]
[SourceDate "2016.08.03"]
[SourceVersion "1"]
[SourceVersionDate "2018.03.01"]
[SourceQuality "1"]

1. e4 c5 2. Nf3 Nc6 3. d4 cxd4 4. Nxd4 g6 5. c4 Nf6 6. Nc3 d6 7. Be2 Nxd4 8.
Qxd4 Bg7 9. Be3 O-O 10. Qd2 Be6 11. f3 a5 12. b3 a4 13. O-O Nd7 14. Nxa4 Bxa1
15. Rxa1 Qa5 16. Qd4 Qe5 17. Nb6 Qxd4 18. Bxd4 Nxb6 19. Bxb6 Ra3 20. b4 Rfa8
21. c5 Rxa2 22. Rxa2 Rxa2 23. Bf1 Rb2 24. Ba5 Rc2 25. cxd6 exd6 26. Bb5 Bc4 27.
Ba4 Rc1+ 28. Kf2 b5 0-1

[Event "34. Open Internacional de Andorra 2016"]
[Site "Andorra AND"]
[Date "2016.08.07"]
[Round "5.23"]
[White "Aranda Marin, Cristian"]
[Black "Pein, Jonathan"]
[Result "1/2-1/2"]
[WhiteElo "2350"]
[BlackElo "1980"]
[PlyCount "58"]
[EventDate "2016.08.03"]
[EventType "swiss"]
[EventRounds "9"]
[EventCountry "AND"]
[SourceTitle "Ajedrez en Madrid"]
[Source "lmi"]
[SourceDate "2016.08.03"]
[SourceVersion "1"]
[SourceVersionDate "2018.03.01"]
[SourceQuality "1"]

1. e4 d5 2. exd5 Qxd5 3. Nc3 Qa5 4. Bc4 Nf6 5. Nge2 Bf5 6. O-O e6 7. d3 c6 8.
Ng3 Bg6 9. f4 Bd6 10. Qf3 Nbd7 11. Kh1 O-O-O 12. Bd2 Qc7 13. a3 Nb6 14. Bb3 h5
15. Nge4 Nbd5 16. Nxd6+ Qxd6 17. Nxd5 Nxd5 18. Qf2 Kb8 19. a4 h4 20. a5 Rh5 21.
Qd4 Ne7 22. Qf2 Nf5 23. Rfe1 Ng3+ 24. Kg1 Nf5 25. Bc3 Nd4 26. a6 b6 27. Kh1 Rf5
28. Rf1 Nxb3 29. cxb3 Rd5 1/2-1/2

[Event "34. Open Internacional de Andorra 2016"]
[Site "Andorra AND"]
[Date "2016.08.07"]
[Round "5.24"]
[White "Kozlowski, Thierry"]
[Black "Gozzoli, Yannick"]
[Result "0-1"]
[WhiteElo "1959"]
[BlackElo "2573"]
[PlyCount "50"]
[EventDate "2016.08.03"]
[EventType "swiss"]
[EventRounds "9"]
[EventCountry "AND"]
[SourceTitle "Ajedrez en Madrid"]
[Source "lmi"]
[SourceDate "2016.08.03"]
[SourceVersion "1"]
[SourceVersionDate "2018.03.01"]
[SourceQuality "1"]

1. Nf3 Nf6 2. c4 c5 3. g3 g6 4. Bg2 Bg7 5. O-O O-O 6. Nc3 Nc6 7. d4 d6 8. d5
Na5 9. Qd3 a6 10. Nd2 Ng4 11. e3 Ne5 12. Qe2 b5 13. cxb5 axb5 14. Nxb5 Qb6 15.
a4 Bg4 16. f3 Bf5 17. e4 Bd7 18. Ra2 Nb3 19. Nc3 Nd4 20. Qe3 Bc8 21. Re1 Nc2
22. Qe2 Nxe1 23. Qxe1 Nd3 24. a5 Qa7 25. Nb5 Qb8 0-1

[Event "34. Open Internacional de Andorra 2016"]
[Site "Andorra AND"]
[Date "2016.08.07"]
[Round "5.25"]
[White "Leiro Giralt, Daniel"]
[Black "Urena Casacuberta, Lluis"]
[Result "1-0"]
[WhiteElo "2199"]
[BlackElo "1929"]
[PlyCount "59"]
[EventDate "2016.08.03"]
[EventType "swiss"]
[EventRounds "9"]
[EventCountry "AND"]
[SourceTitle "Ajedrez en Madrid"]
[Source "lmi"]
[SourceDate "2016.08.03"]
[SourceVersion "1"]
[SourceVersionDate "2018.03.01"]
[SourceQuality "1"]

1. e4 c5 2. Nc3 Nc6 3. Nge2 g6 4. d4 cxd4 5. Nxd4 Bg7 6. Nde2 d6 7. g3 Nf6 8.
Bg2 O-O 9. O-O Bd7 10. h3 Qc8 11. Kh2 Re8 12. Nd5 Nxd5 13. exd5 Ne5 14. a4 Nc4
15. Ra2 e6 16. b3 Nb6 17. c4 exd5 18. a5 dxc4 19. axb6 cxb3 20. Qxb3 Be6 21.
Bd5 Bxh3 22. Rh1 Be6 23. Nf4 a6 24. Nxe6 fxe6 25. Rc2 Qd7 26. Rc7 Qb5 27. Bxe6+
Kh8 28. Be3 Rf8 29. Qxb5 axb5 30. Rxb7 1-0

[Event "34. Open Internacional de Andorra 2016"]
[Site "Andorra AND"]
[Date "2016.08.08"]
[Round "6.1"]
[White "Granda Zuniga, Julio E"]
[Black "Demuth, Adrien"]
[Result "1/2-1/2"]
[WhiteElo "2672"]
[BlackElo "2545"]
[PlyCount "52"]
[EventDate "2016.08.03"]
[EventType "swiss"]
[EventRounds "9"]
[EventCountry "AND"]
[SourceTitle "Ajedrez en Madrid"]
[Source "lmi"]
[SourceDate "2016.08.03"]
[SourceVersion "1"]
[SourceVersionDate "2018.03.01"]
[SourceQuality "1"]

1. e4 c5 2. Nc3 Nc6 3. g3 g6 4. Bg2 Bg7 5. d3 d6 6. Nh3 h5 7. O-O Nf6 8. Nd5
Nxd5 9. exd5 Ne5 10. Ng5 h4 11. f4 Ng4 12. Bf3 Nf6 13. g4 h3 14. Kh1 Qd7 15.
Rg1 Rh4 16. Qe1 Rxg4 17. Bxg4 Nxg4 18. Ne6 fxe6 19. Rxg4 exd5 20. Rxg6 Bf6 21.
Rg8+ Kf7 22. Qg3 Qf5 23. Rd8 Qg4 24. Be3 Qxg3 25. hxg3 d4 26. Bd2 e6 1/2-1/2